000 00371nam a2200157Ia 4500
008 230711s9999||||xx |||||||||||||| ||und||
041 _aENG
082 _a658
_bGA-A
100 _aGaffen,D.H
245 0 _aAdministration in business
250 _a1st Ed.
260 _c1980
_aLondon
_bHalt Rineheel
300 _a283
650 _aUNIVESITY BUSNIESS SCHOOL
942 _cBK
999 _c1929
_d1929